| 000 | 00654nam a2200229Ia 4500 | ||
|---|---|---|---|
| 008 | 180523s9999 xx 000 0 und d | ||
| 020 | _a981-06-9918-2 | ||
| 050 | _aMAIN RA 410 | ||
| 050 | _b.F65 2006 | ||
| 100 | _aFolland, Sherman. | ||
| 245 | 4 | _aThe Economics of health and health care / | |
| 245 | 0 | _cSherman Folland, Allen C. Goodman, Miron Stano. | |
| 250 | _a4th Edition | ||
| 260 | _aSingapore : | ||
| 260 | _bPearson Education South Asia, | ||
| 260 | _c2006 | ||
| 300 | _a618 pages : | ||
| 300 | _billustrations ; | ||
| 300 | _c24 cm. | ||
| 500 | _aIncludes bibliographical references and index. | ||
| 650 | _aMedical economics. | ||
| 999 |
_c357613 _d357613 |
||